New Orleans Saints Schedule 2022/2023 - Statistics

General Stats
  • This quiz has been taken 11 times
  • The average score is 11 of 18
Answer Stats
Week Saints Opponent % Correct
1 Saints at Falcons
100%
2 Saints vs Buccaneers
80%
3 Saints at Panthers
80%
4 Saints vs Vikings
70%
6 Saints vs Bengals
60%
16 Saints at Browns
60%
13 Saints at Buccaneers
60%
7 Saints at Cardinals
60%
18 Saints vs Panthers
60%
5 Saints vs Seahawks
60%
12 Saints at 49ers
50%
17 Saints at Eagles
50%
15 Saints vs Falcons
50%
8 Saints vs Raiders
50%
11 Saints vs Rams
50%
9 Saints vs Ravens
50%
10 Saints at Steelers
50%
14 Saints Bye
40%
No matching quizzes found
Score Distribution
Percent of People with Each Score
Percentile by Number Answered
Your Score History
You have not taken this quiz